The science and the profession of libraries -a visionary's perspective: (Record no. 166379)

MARC details
000 -LEADER
fixed length control field 00675nam a22002057a 4500
005 - DATE AND TIME OF LATEST TRANSACTION
control field 20190722153406.0
010 ## - LCCN (DPL NO)
LC control number ENG-126041
020 ## - INTERNATIONAL STANDARD BOOK NUMBER
International Standard Book Number 9789387698093
Terms of availability 1750.00
035 ## - SYSTEM CONTROL NUMBER
System control number EN-109573
037 ## - SOURCE OF ACQUISITION
Source of stock number/acquisition DBAD/PUB
082 ## - DEWEY DECIMAL CLASSIFICATION NUMBER
Classification number 020.7
245 ## - TITLE STATEMENT
Title The science and the profession of libraries -a visionary's perspective:
Statement of responsibility, etc ed.by Asundi A.Y.[and] Meera B.M.
Remainder of title a collection of 20 papers /
260 ## - PUBLICATION, DISTRIBUTION, ETC. (IMPRINT)
Place of publication, distribution, etc New Delhi
Name of publisher, distributor, etc Ess Ess Publications
Date of publication, distribution, etc 2019
270 ## - ADDRESS
Address 4831/24, Ansari Road
City Daryaganj, New Delhi
Postal code 110002
300 ## - PHYSICAL DESCRIPTION
Extent xi,392p.
Dimensions 22cm(Hb)
500 ## - GENERAL NOTE
General note Includes index
700 ## - ADDED ENTRY--PERSONAL NAME
Personal name A.Y.Asundi
700 ## - ADDED ENTRY--PERSONAL NAME
Personal name B.M. Meera
942 ## - ADDED ENTRY ELEMENTS (KOHA)
Source of classification or shelving scheme Dewey Decimal Classification
Item type English Books
Classification part 020.7
Call number suffix THE
Holdings
Withdrawn status Lost status Materials specified (bound volume or other part) Not for loan Collection code Home library Current library Date acquired Source of acquisition Cost, normal purchase price Full call number Barcode Copy number Cost, replacement price Koha item type
    125th Anniversary Commemoration Volume   Non-fiction Sarojini Nagar Sarojini Nagar 22/07/2019 DBAD/PUB 1750.00 020.7 THE EN-109573 1 1750.00 English Books

© Delhi Public Library
Hit Counter
free hit counter